000 00319nam a2200133Ia 4500
005 20260326100029.0
008 260326s9999||||xx |||||||||||||| ||und||
100 _aStaubli, Willy
245 0 _aBrasilia /
_cWilly Staubli
260 _bAlexander Koch
300 _a199 p.
650 _aARQUITECTURA REGIONAL
942 _cBK
999 _c6515
_d6515